=LDR 00000nam 2200000 4500 =001 INLIS000000000001666 =005 20130612090052 =008 ***********************************Ind** =035 ##$$0010-061300000001666 =041 ##$$a Ind =082 ##$$a 530.07 =090 ##$$a 530.07, Pur-p =100 ##$$a PURWANTO, Budi =245 ##$$a Pelajaran Fisika untuk SLTP, Budi Purwanto =260 ##$$a 2000 $b Solo =300 ##$$a ...jil, ilus, 26 cm =650 ##$$a Fisika =650 ##$$a Studi dan Pengajaran =850 ##$$a NBPNMAT